000 01143nam a2200277 i 4500
001 68794
003 ES-MaACL
005 20250831121447.0
007 t|
008 940301q1874 sp |||| | spa d
080 _a340
100 1 _aGiner de los Ríos, Francisco,
_d1839-1915
_957122
245 1 0 _aPrincipios de derecho natural : sumariamente expuestos /
_cpor Francisco Giner y Alfredo Calderón.
260 _aMadrid :
_b[s.n.],
_c[ca. 1874] (
_fImp. de la Biblioteca de Instrucción y Recreo)
300 _aVII, 290 p. ;
_c18 cm.
500 _aPalau VI, 197 lo fecha en 1874.
530 _aDisponible en formato digital.
594 _aPrecede al tít.: Prolegómenos del derecho.
650 7 _aDerecho natural
_2embne
_911744
650 4 _aDerecho-
_xFilosofía
_911620
700 1 _aCalderón, Alfredo,
_d1850-1907
_933593
852 4 _aES-MaACL
_jG-15329
856 4 _uhttp://bdh-rd.bne.es/viewer.vm?id=0000201502&page=1
_zBiblioteca Digital Hispánica
856 4 _uhttp://weblioteca.uv.es/bdigital/UV1/4_785/00000002.jpg
_zRepositori d'Objectes Digitals per a l'Ensenyament, la Recerca i la Cultura
999 _c68794
_d68794